| 000 | 00597nam a2200205Ia 4500 | ||
|---|---|---|---|
| 005 | 20250508150419.0 | ||
| 008 | 008 250505s9999 xx 000 0 eng d | ||
| 037 | _aTextual | ||
| 040 |
_aFEDL _beng _cFEDL |
||
| 041 |
_aeng _2eng |
||
| 084 |
_a370.15, DOU _qFEDL |
||
| 100 |
_aDouglas O.B. _9756636 |
||
| 245 | 0 | _aFundamentals of educational psychology | |
| 260 |
_aNew York, USA _bThe Macmillan Company _c1947 |
||
| 300 | _axv,598p. | ||
| 650 |
_aEducation-Psychology _913770 |
||
| 700 |
_a Holland B.F. _9756637 |
||
| 942 |
_cTEXL _h370.15, DOU |
||
| 999 |
_c1323518 _d1323518 |
||